|
|
แสดงรายละเอียดบรรณานุกรม |
|
|
Brief Record
: Get Marc (ISO 2709)
: E-mail record
: |
|
|
| LEADER 00000nama 2200000uu 4500 | |||
| 008 040531s|||| th m m a000 0 tha d | |||
| 020 978-080-892-394-7 | |||
| 041 eng | |||
| 050 VCD 000184 | |||
| 100 Lewis,Sharon L. | |||
| 245 Medical - surgical nursing : assessment andmangement of clinical Problems/Sharon L,Lewis...[et al.]. | |||
| 250 7 th ed. | |||
| 260 China. Mosby. 2007. | |||
| 300 1 แผ่น. | |||
| 600 I.Lewis,Sharon L. | |||
| 650 1.Surgical nursing 2.Nursing assessment 3.Nursing care 4.Perioperative nursing. | |||
| 995 200 | |||
| คุณยังไม่ได้ล็อกอิน คุณสามารถมีกิจกรรมร่วมกับเว็บไซต์ได้ แต่ต้องล็อกอินก่อน :: |
|
| สถานะ | |||||||||
| 1. | สื่อวีดิทัศน์ | VCD 000184 | On Shelf ขอยืม | ||||||
| [แสดง 1/1 รายการ] | |||||||||
| รายการใกล้เคียง หัวเรื่อง [1.Surgical nursing 2.Nursing assessment 3.Nursing care 4.Perioperative nursing.] |
BibComment |
| คอมเมนท์ทรัพยากรรายการนี้ |
|
|